LEADER 02297oam 2200517M 450 001 9910715548103321 005 20191121065749.8 035 $a(CKB)5470000002512574 035 $a(OCoLC)1066022189 035 $a(OCoLC)995470000002512574 035 $a(EXLCZ)995470000002512574 100 $a20070221d1831 ua 0 101 0 $aeng 135 $aurcn||||||||| 181 $ctxt$2rdacontent 182 $cc$2rdamedia 183 $acr$2rdacarrier 200 10$aIn Senate of the United States, December 23, 1831. Read, and ordered to be printed. Mr. Hayne made the following report: The Committee on the Judiciary, to whom was referred the petition of John H. Harrison, have examined the petitioner's case, and find that a bill was passed by the Senate at the last session .. 210 1$a[Washington, D.C.] :$c[publisher not identified],$d1831. 215 $a1 online resource (2 pages) 225 1 $aSenate document / 22nd Congress, 1st session. Senate ;$vno. 8 225 1 $a[United States congressional serial set ] ;$v[serial no. 212] 300 $aTitle from opening lines of text. 300 $aBatch processed record: Metadata reviewed, not verified. Some fields updated by batch processes. 300 $aFDLP item number not assigned. 517 $aIn Senate of the United States, December 23, 1831. Read, and ordered to be printed. Mr. Hayne made the following report 606 $aClaims 606 $aSuretyship and guaranty 606 $aTax collection 606 $aTax assessment 608 $aLegislative materials.$2lcgft 615 0$aClaims. 615 0$aSuretyship and guaranty. 615 0$aTax collection. 615 0$aTax assessment. 701 $aHayne$b Robert Young$f1791-1839$pNullifier (SC)$01197316 801 0$bWYU 801 1$bWYU 801 2$bOCLCO 801 2$bOCLCQ 801 2$bOCLCO 801 2$bOCLCQ 906 $aBOOK 912 $a9910715548103321 996 $aIn Senate of the United States, December 23, 1831. Read, and ordered to be printed. Mr. Hayne made the following report: The Committee on the Judiciary, to whom was referred the petition of John H. Harrison, have examined the petitioner's case, and find that a bill was passed by the Senate at the last session .$93546649 997 $aUNINA LEADER 02916oam 2200301z- 450 001 9910158927103321 005 20230906203136.0 010 $a1-927748-41-0 035 $a(CKB)3710000001011539 035 $a(BIP)052011012 035 $a(Exl-AI)993710000001011539 035 $a(EXLCZ)993710000001011539 100 $a20210505c2015uuuu -u- - 101 0 $aeng 200 10$aStudy It Grammar 1 EBook 210 $cStudy It Books 215 $a1 online resource (136 p.) 330 8 $aWinner 2015 Digital Book Award - Academic Category Awarded QED Certification for Quality, Excellence and Design The Study It ESL Grammar series is an easy-to-use integrated skills ESL textbook for International students, language teachers and English language programs in schools or language schools. It is an exciting new series for teachers interested in Mobile Learning, Project-Based Learning or Flipping the Classroom. The Study It English Grammar series consists of 8 different levels. Book 1 of 8 is for Beginner English as a Second Language learners. The Study It Grammar Book 1 consists of the following: - Video and Audio exercises - 5 different themes including introducing the Be Verb, basic nouns, adjectives verbs. - Each unit contains vocabulary, listening, speaking, writing and reading practice. ESL Teachers can access our online community which offers teachers a chance to share ideas for improving the English class Reviews of the "Study It" Series/ "It's obviously an amazing learning tool"- Canada AM, National Morning Show Study "It": English as a Second Language series is an engaging textbook for teaching non-native English speakers. It takes advantage of the format to include video and audio in a way that supports the lessons and never feels added on as an "enhancement." The textbook uses a number of different assessment formats to allow users to test themselves throughout the book and see their scores. The book even uses the Note function effectively for long-form answers. While the content of the book is challenging, it makes learning grammar easy and fun.- 2015 Digital Book Award Review, New York "The Study It textbooks are a set of interactive English language multi-touch textbooks that are a fraction of the cost of a paper textbook"- Digital Journal The Study It ESLtextbook series has been awarded the QED Certification. The QED stands for Quality, Excellence, Design. It is the seal of approval of ebooks and enhanced books.All recipients of the QED have passed a thorough, independent 13-point quality assurance test.- QED Panel 606 $aEnglish language$7Generated by AI 606 $aLanguage teachers$7Generated by AI 615 0$aEnglish language 615 0$aLanguage teachers 700 $aRice$b James$090320 702 $aMatechuk$b Jamie 906 $aBOOK 912 $a9910158927103321 996 $aStudy It Grammar 1 EBook$93582265 997 $aUNINA